000 00543nam a2200181Ia 4500
005 20250508152758.0
008 008 250505s9999 xx 000 0 eng d
037 _aBooks to be hide in OPAC
040 _aFEDL
_beng
_cFEDL
041 _aeng
_2eng
084 _a420, HAD/O
_qFEDL
100 _aHaddock Neville
_9762355
245 0 _aPractice in spoken english : Intonation and vowel drills
260 _aCambridge
_bCambridge University Press
_c1959
300 _a31p.
942 _cHB
_h420, HAD/O
999 _c1338701
_d1338701